000 00421cam a2200181ua 4500
020 _c3.50
041 _ahin
_h
082 _a891.54
_bBAS/SA
100 _aBasant , Prabha .
245 _aSambk ke sathi /
_cBasant Prabh.
_hTextual Documents
250 _a1 /
_b.
260 _aDelhi :
_bRajkamal Prakash ,
_c1959.
300 _a221 ; .
365 _a3.50
504 _a
942 _cBK
999 _c8065
_d8065